000 00300nam a2200133Ia 4500
008 191201s2013 xx 000 0 und d
100 _aKRISHNARAJU,N
245 0 _aDesign of Bridges
250 _aRep
260 _aN. Delhi
_bOxford
_c2013
300 _a572
650 _aB.Tech(CE)
942 _2ddc
_cBK
999 _c5591
_d5591